| 000 | 00367nam a22001457a 4500 | ||
|---|---|---|---|
| 003 | MACL | ||
| 005 | 20170905133936.0 | ||
| 008 | 170905b xxu||||| |||| 00| 0 eng d | ||
| 040 | _cMACL | ||
| 100 |
_aKrishanamurti , Sunista _968996 |
||
| 245 | _aSuccess and Happiness | ||
| 260 |
_aDelhi _bManeesh Prakashan _c2017 |
||
| 650 |
_aMotivation _917135 |
||
| 942 |
_2ddc _cBK |
||
| 999 |
_c56981 _d56981 |
||